[Event "zonal 2.1 knock-out"]
[Site "Salt Lake City USA"]
[Date "1999.09.04"]
[Round "1.3"]
[White "Yermolinsky, Alexander"]
[Black "Serper, Grigory"]
[Result "1/2-1/2"]
[WhiteElo "2588"]
[BlackElo "2540"]
[EventDate "1999.08.23"]
[PlyCount "35"]

1.d4 e6 2.c4 d5 3.Nc3 Bb4 4.a3 Bxc3+ 5.bxc3 c5 6.cxd5 exd5 7.g3 Nf6 8.Bg2 
O-O 9.Nf3 c4 10.Qc2 Nc6 11.Bg5 h6 12.Bxf6 Qxf6 13.Nd2 Qd6 14.O-O b5 15.e4 
Be6 16.exd5 Bxd5 17.Ne4 Qd8 18.f4 1/2-1/2

[Event "zonal 2.1 knock-out"]
[Site "Salt Lake City USA"]
[Date "1999.09.05"]
[Round "1.4"]
[White "Serper, Grigory"]
[Black "Yermolinsky, Alexander"]
[Result "1/2-1/2"]
[WhiteElo "2540"]
[BlackElo "2588"]
[EventDate "1999.08.23"]
[PlyCount "47"]

1.d4 Nf6 2.c4 e6 3.Nf3 b6 4.g3 Bb7 5.Bg2 Be7 6.O-O O-O 7.Nc3 Ne4 8.Qc2 
Nxc3 9.Qxc3 c5 10.Rd1 d6 11.b3 Nd7 12.Bb2 Bf6 13.Qd2 Qc8 14.dxc5 dxc5 15.
Qc2 Rd8 16.Rd2 Qc7 17.Rad1 h6 18.Ne1 Bxg2 19.Kxg2 Bxb2 20.Qxb2 Nf6 21.Nf3 
Rxd2 22.Qxd2 Kf8 23.Qe3 Rd8 24.Rd3 1/2-1/2

[Event "zonal 2.1 knock-out"]
[Site "Salt Lake City USA"]
[Date "1999.09.06"]
[Round "1.5"]
[White "Serper, Grigory"]
[Black "Yermolinsky, Alexander"]
[Result "1-0"]
[WhiteElo "2540"]
[BlackElo "2588"]
[EventDate "1999.08.23"]
[PlyCount "81"]

1.d4 Nf6 2.c4 e6 3.Nf3 Bb4+ 4.Bd2 a5 5.Nc3 O-O 6.Bg5 d6 7.e3 Nbd7 8.Be2 b6
9.Rc1 Bb7 10.O-O Bxc3 11.Rxc3 Qe8 12.Nd2 c5 13.Bf3 Bxf3 14.Qxf3 cxd4 15.
exd4 d5 16.c5 bxc5 17.dxc5 h6 18.Bh4 Nh7 19.Bg3 Qc8 20.c6 Ndf6 21.Be5 Ne8 
22.Qd3 f6 23.Bg3 Nc7 24.Bxc7 Qxc7 25.Nf3 Rfe8 26.Nd4 e5 27.Nb5 Qd8 28.Rc5 
d4 29.Qc4+ Kh8 30.c7 Qd7 31.Rd5 Qe6 32.Nd6 Ng5 33.Nxe8 Qxe8 34.Rc1 Rc8 35.
Qc6 Qg6 36.Rd8+ Kh7 37.Rxc8 Nh3+ 38.Kf1 Nf4 39.Rh8+ Kxh8 40.c8=Q+ Kh7 41.
Qf3 1-0

[Event "zonal 2.1 knock-out"]
[Site "Salt Lake City USA"]
[Date "1999.09.06"]
[Round "1.6"]
[White "Yermolinsky, Alexander"]
[Black "Serper, Grigory"]
[Result "0-1"]
[WhiteElo "2588"]
[BlackElo "2540"]
[EventDate "1999.08.23"]
[PlyCount "58"]

1.d4 Nf6 2.c4 e6 3.Nf3 d5 4.Nc3 Bb4 5.cxd5 exd5 6.Bg5 h6 7.Bh4 g5 8.Bg3 
Ne4 9.Nd2 Nxc3 10.bxc3 Bxc3 11.Rc1 Bb2 12.Rxc7 Na6 13.Rc2 Bxd4 14.h4 Bf5 
15.Nb3 Bxc2 16.Qxd4 Rg8 17.hxg5 hxg5 18.Nd2 Qb6 19.Qe5+ Kf8 20.e3 d4 21.
Bb5 f6 22.Qxd4 Qxd4 23.exd4 Rd8 24.Bc4 Rg7 25.d5 Re7+ 26.Kf1 Rh7 27.Rxh7 
Bxh7 28.d6 Nc5 29.Nb3 Nxb3 0-1

[Event "zonal 2.1 knock-out"]
[Site "Salt Lake City USA"]
[Date "1999.09.07"]
[Round "2.1"]
[White "Serper, Grigory"]
[Black "Gulko, Boris"]
[Result "0-1"]
[WhiteElo "2540"]
[BlackElo "2618"]
[EventDate "1999.08.23"]
[PlyCount "66"]

1.d4 Nf6 2.c4 e6 3.Nf3 b6 4.Nc3 Bb7 5.a3 d5 6.Bg5 Be7 7.e3 Nbd7 8.Rc1 dxc4
9.Bxc4 O-O 10.O-O h6 11.Bh4 c5 12.dxc5 Nxc5 13.Qe2 a6 14.Rfd1 Qe8 15.Ne5 
Ncd7 16.Nxd7 Nxd7 17.Bg3 Nc5 18.Qg4 f5 19.Qe2 Qc6 20.f3 Rfc8 21.b4 Ne4 22.
Nxe4 fxe4 23.fxe4 Kh8 24.Bd5 Qxc1 25.Bxb7 Qxa3 26.Bxa8 Rxa8 27.Qc4 Bxb4 
28.Qxe6 Qxe3+ 29.Bf2 Qe2 30.Qd5 Rf8 31.Bxb6 Be1 32.h3 Rf1+ 33.Kh2 Qxd1 0-1

[Event "zonal 2.1 knock-out"]
[Site "Salt Lake City USA"]
[Date "1999.09.08"]
[Round "2.2"]
[White "Gulko, Boris"]
[Black "Serper, Grigory"]
[Result "1-0"]
[WhiteElo "2618"]
[BlackElo "2540"]
[EventDate "1999.08.23"]
[PlyCount "75"]

1.d4 Nf6 2.c4 e6 3.Nf3 Bb4+ 4.Bd2 Qe7 5.g3 Nc6 6.Nc3 Bxc3 7.Bxc3 Ne4 8.Rc1
O-O 9.Bg2 d6 10.d5 Nd8 11.dxe6 Nxe6 12.O-O Bd7 13.Re1 Bc6 14.Nd4 Nxd4 15.
Bxd4 f5 16.f3 Nc5 17.b4 Ne6 18.b5 Bd7 19.f4 c6 20.e4 Nxd4 21.Qxd4 fxe4 22.
Rxe4 Qf6 23.Rd1 cxb5 24.cxb5 a6 25.b6 Bc6 26.Qxf6 Rxf6 27.Re7 Bxg2 28.Kxg2
Rf7 29.Rxf7 Kxf7 30.Rc1 Re8 31.Rc7+ Kf6 32.Kf3 Re1 33.Rxb7 Ra1 34.Rb8 Kf7 
35.Ra8 Rb1 36.Rxa6 d5 37.a4 Rb3+ 38.Ke2 1-0